000 00536nam a2200181 a 4500
005 20140310183347.0
008 070212s19uu xx 00 eng d
020 _a9780572030445
050 _aNC 715
_b.B233 2006
100 _aBarber, Barrington
245 _aThe complete book of Drawing :
_bessentials skills for every artist.
260 _aLondon :
_bArcturus Publishing Limited,
_c2004.
300 _a352 p. :
_bcol. ill. ;
_c28 cm.
521 _aMA
650 _aDrawing
_xTechnique.
942 _cBK
_2lcc
_kFOR
999 _c21952
_d21952